000 00431nam a2200157Ia 4500
999 _c10374
_d10374
003 OSt
008 220308s9999 xx 000 0 und d
020 _a97804422598151
082 _a720
_bJON
100 _a Jon Lang 
245 0 _aCreating architectural theory : the role of the behavioral sciences in environmental design
260 _bJohn Wiley & Sons Inc (1 June 1987)
365 _cUSD
365 _d74.95
942 _2ddc